000 00522nam a22002177a 4500
003 UA-OsUOA
001 58151
007 ta
008 20090128b un ||||| |||| 00| 0 ukr d
100 _aКудряшова И.В.
090 _a32
_bК88
942 _cSA
040 _aUA-OsUOA
_brus
_cUA-OsUOA
_dUA-OsUOA
245 _aТурция как феномен современности
300 _aС.125-151
955 _a0
041 _arus
080 _a32
773 0 _w58144
650 7 _a32 Політика
_2UDC
999 _c344235
_d344235